Inversiones extranjeras en España / (Record no. 19621)

MARC details
000 -LEADER
campo de control de longitud fija 00917nam a2200241 i 4500
001 - NÚMERO DE CONTROL
campo de control 19621
003 - IDENTIFICADOR DE NÚMERO DE CONTROL
campo de control ES-MaACL
005 - FECHA Y HORA DE LA ÚLTIMA TRANSACCIÓN
campo de control 20230906152132.0
007 - CAMPO FIJO DE DESCRIPCIÓN FÍSICA--INFORMACIÓN GENERAL
campo de control de longitud fija t|
008 - DATOS DE LONGITUD FIJA--INFORMACIÓN GENERAL
campo de control de longitud fija 021004m19841985sp ||||1| spa d
020 ## - NÚMERO INTERNACIONAL ESTÁNDAR DEL LIBRO
Número Internacional Estándar del Libro 84-505-0787-1
100 1# - ENTRADA PRINCIPAL--NOMBRE DE PERSONA
Nombre de persona Abella Santamaría, Jaime,
9 (RLIN) 18054
245 10 - MENCIÓN DEL TÍTULO
Título Inversiones extranjeras en España /
Mención de responsabilidad, etc. [Jaime Abella Santamaría].
250 ## - MENCION DE EDICION
Mención de edición [2ª ed. rev.].
260 ## - PUBLICACIÓN, DISTRIBUCIÓN, ETC.
Lugar de publicación, distribución, etc. Madrid :
Nombre del editor, distribuidor, etc. Banco Exterior de España, Servicio de Estudios Económicos,
Fecha de publicación, distribución, etc. 1984-1985.
300 ## - DESCRIPCIÓN FÍSICA
Extensión 3 v. ;
Dimensiones 19 cm.
490 1# - MENCIÓN DE SERIE
Mención de serie Manuales Extebank. Serie comercio exterior ;
Designación de volumen o secuencia 8-9
505 8# - NOTA DE CONTENIDO CON FORMATO
Nota de contenido con formato Contiene: V. I: Inversiones en inmuebles. -- V. II: Directas, de cartera, otras inversiones. -- V. III: Actualización de los manuales 8 y 9
830 0# - PUNTO DE ACCESO ADICIONAL DE SERIE-TÍTULO UNIFORME
Título uniforme Manuales Extebank. Serie comercio exterior ;
Designación de volumen o secuencia 8-9
9 (RLIN) 180627
852 ## - LOCALIZACIÓN
Ubicación ES-MaACL
Número de control de estantería L-11950-2
852 ## - LOCALIZACIÓN
Ubicación ES-MaACL
Número de control de estantería 2144-F-2
Holdings
Estatus retirado Estado de pérdida Estado de daño No para préstamo Colección Biblioteca de origen Biblioteca actual Ubicación en estantería Fecha de adquisición Fuente de adquisición Total de préstamos Signatura topográfica completa Código de barras Visto por última vez Precio de reemplazo Tipo de ítem Koha
        Colección de folletos Biblioteca del Ateneo de Madrid Biblioteca del Ateneo de Madrid Depósito folletos 17/01/2008     2144-F-2 1020082 23/02/2023 23/02/2023 Folleto
          Biblioteca del Ateneo de Madrid Biblioteca del Ateneo de Madrid Depósito 2 17/01/2008     L-11950-2 1020081 23/02/2023 23/02/2023 Libro impreso